Quiz Historyczny - Statystyki

Ogólne statystyki
  • Ten quiz został rozwiązany 122 razy
  • Średni wynik to 4 z 6
Statystyki odpowiedzi
Zagadnienie Odpowiedź % Poprawnych
Kiedy Była Odsiecz Wiedeńska 1683
89%
Kto Pokonał Zakon Polska I Litwa
89%
Kiedy Była Bitwa O Midway 1942
78%
Jak Sie Nazywa Lądowanie W Normandi D-DAY
78%
Czy Bolesław Był Książem Czeskim Tak
33%
Który Władca Był Przed Mieszkem Leszko I
22%
Nie znaleziono quizów pasujących do podanych kryteriów
Rozkład punktacji
Procent ludzi z każdym wynikiem
Percentyl według liczby udzielonych odpowiedzi
Twoja historia wyników
Nie rozwiązałeś tego quizu